The romance of Protestantism. (Record no. 13679)

000 -LEADER
fixed length control field 00531nam a2200181 a 4500
001 - CONTROL NUMBER
control field :::00011502$&:&@@
003 - CONTROL NUMBER IDENTIFIER
control field OkBaRHE
005 - DATE AND TIME OF LATEST TRANSACTION
control field 20000607103409.0
008 - FIXED-LENGTH DATA ELEMENTS--GENERAL INFORMATION
fixed length control field s1908 j 000 0 eng u
040 ## - CATALOGING SOURCE
Transcribing agency
100 1# - MAIN ENTRY--PERSONAL NAME
Personal name Alock, D.
245 14 - TITLE STATEMENT
Title The romance of Protestantism.
260 ## - PUBLICATION, DISTRIBUTION, ETC. (IMPRINT)
Place of publication, distribution, etc Cincinnati, OH., :
Name of publisher, distributor, etc Jennings And Graham
Date of publication, distribution, etc 1908
300 ## - PHYSICAL DESCRIPTION
Extent 287 p. ;
Dimensions 19 cm.
650 ## - SUBJECT ADDED ENTRY--TOPICAL TERM
Topical term or geographic name as entry element Protestantism
942 ## - ADDED ENTRY ELEMENTS (KOHA)
Source of classification or shelving scheme
Koha item type Books
Copies
Damaged status Date acquired Shelving location Full call number Not for loan Date last seen Withdrawn status Price effective from Copy number Permanent Location Lost status Koha item type Barcode Source of classification or shelving scheme
 2010-04-14General StacksBX 4811 .A38 2010-04-14 2010-04-141RHEMA Bible Training College Books11502